000 00619nam a2200253Ia 4500
005 20260306153830.0
008 008 260114s9999 xx 000 0 eng d
020 _a9781107336995
037 _aEBOOK
040 _aCRL
040 _beng
040 _cCRL
041 _2eng
041 _aeng
084 _qCRL
100 _aLevy/Vasquez
_91126322
245 4 _aThe Outbreak of the First World War 1st ed
260 _bCambridge University Press
260 _c2014
650 _aPolitical Science
856 _uhttps://doi.org/10.1017/CBO9781107336995
942 _cEBOOK
999 _c1705075
_d1705075